| 000 | 00533nam a2200181 i 4500 | ||
|---|---|---|---|
| 001 | 90668 | ||
| 003 | ES-MaACL | ||
| 005 | 20231103062531.0 | ||
| 007 | t| | ||
| 008 | 050124s1914 fr ||||1| fre d | ||
| 100 | 1 |
_aLenôtre, G. _971542 |
|
| 245 | 1 | 0 |
_aVieilles maisons, vieux papiers / _cGeorge Lenotre. |
| 260 |
_aParis : _bPerrin, _c1914 ( _eLagny : _fE. Grevin) |
||
| 300 |
_a4 v. : _bil. ; _c20 cm. |
||
| 651 | 4 |
_aFrancia- _xHistoria- _y1789-1799, Revolución _98685 |
|
| 852 |
_aES-MaACL _jD-4138-41 |
||
| 999 |
_c90668 _d90668 |
||